000 00683nam a2200181Ia 4500
008 090124s9999 xx 000 0 und d
082 _b38427
100 _aआवळसकर प्रल्हाद
245 _a रेशिम नाती (व्यक्तिचित्र)
250 _a1
260 _bअनघा प्रकाशन
_c2001
300 _a192
600 _aआवळसकर प्रल्हाद
630 _a रेशिम नाती (व्यक्तिचित्र)
700 _aआवळसकर प्रल्हाद
730 _a रेशिम नाती (व्यक्तिचित्र)
942 _cBOOK
999 _c104512
_d104512